Community development of world vision cambodia in banan district, Battambang province,(ការអភិវឌ្ឍន៍សហគមន៍របស់អង្គការទស្សនៈពិភពលោក កម្ពុជា នៅស្រុកបាណន់ ខេត្តបាត់ដំបង) (Record no. 789)
[ view plain ]
| 000 -LEADER | |
|---|---|
| fixed length control field | 00669nam a22001577a 4500 |
| 003 - CONTROL NUMBER IDENTIFIER | |
| control field | OSt |
| 005 - DATE AND TIME OF LATEST TRANSACTION | |
| control field | 20150918183427.0 |
| 008 - FIXED-LENGTH DATA ELEMENTS--GENERAL INFORMATION | |
| fixed length control field | 150918b xxu||||| |||| 00| 0 eng d |
| 040 ## - CATALOGING SOURCE | |
| Transcribing agency | RUA |
| 082 ## - DEWEY DECIMAL CLASSIFICATION NUMBER | |
| Classification number | AGR LIM 2005 B032 Or.1 |
| 100 ## - MAIN ENTRY--PERSONAL NAME | |
| 9 (RLIN) | 817 |
| Personal name | LIM DARA |
| 245 ## - TITLE STATEMENT | |
| Title | Community development of world vision cambodia in banan district, Battambang province,(ការអភិវឌ្ឍន៍សហគមន៍របស់អង្គការទស្សនៈពិភពលោក កម្ពុជា នៅស្រុកបាណន់ ខេត្តបាត់ដំបង) |
| 260 ## - PUBLICATION, DISTRIBUTION, ETC. (IMPRINT) | |
| Place of publication, distribution, etc. | phnom penh |
| Name of publisher, distributor, etc. | RUA |
| Date of publication, distribution, etc. | 2005 |
| 300 ## - PHYSICAL DESCRIPTION | |
| Extent | xii,57p. |
| Dimensions | ill. |
| Size of unit | 29cm. |
| 942 ## - ADDED ENTRY ELEMENTS (KOHA) | |
| Source of classification or shelving scheme | |
| Koha item type | AGR |
| Price effective from | Date last seen | Permanent Location | Not for loan | Date acquired | Source of classification or shelving scheme | Koha item type | Lost status | Withdrawn status | Date last checked out | Total Checkouts | Shelving location | Damaged status | Barcode | Current Location | Full call number |
|---|---|---|---|---|---|---|---|---|---|---|---|---|---|---|---|
| 2015-09-18 | 2015-09-18 | Library Block B | 2015-09-18 | AGR | B032 | RUA002977 | Library Block B | AGR LIM 2005 B032 Or.1 | |||||||
| 2015-09-18 | 2015-09-18 | Library Block B | 2015-09-18 | AGR | B032 | RUA002692 | Library Block B | AGR LIM 2005 B032 Or.2 | |||||||
| 2015-09-18 | 2021-01-04 | Library Block B | 2015-09-18 | AGR | 2020-12-14 | 1 | B032 | RUA002907 | Library Block B | AGR LIM 2005 B032 Or.3 | |||||
| 2015-09-18 | 2020-07-13 | Library Block B | 2015-09-18 | AGR | 2020-06-16 | 1 | B032 | RUA002980 | Library Block B | AGR LIM 2005 B032 Or.4 | |||||
| 2015-09-18 | 2015-09-18 | Library Block B | 2015-09-18 | AGR | B032 | RUA002626 | Library Block B | AGR LIM 2005 B032 Or.5 | |||||||
| 2015-09-18 | 2015-09-18 | Library Block B | 2015-09-18 | AGR | B032 | RUA002622 | Library Block B | AGR LIM 2005 B032 Or.6 |